Which Eurovision country? - Statistics

General Stats
  • This quiz has been taken 86 times
  • The average score is 8 of 14
Answer Stats
Song Country % Correct
Molitva Serbia
91%
La La La Spain
83%
Boom Bang-a-Bang United Kingdom
79%
Refrain Switzerland
76%
Everybody Estonia
74%
We are the Winners of Eurovision Lithuania
71%
Un Banc, un arbre, une rue Monaco
67%
Tom Pillibi France
54%
Eurovision Belgium
44%
Bitaqat Hob Morocco
40%
Ring-a-ding girl United Kingdom
39%
Brazil Yugoslavia (obviously)
39%
Macédomienne Belgium
36%
Yamma Yamma Finland
31%
No matching quizzes found
Score Distribution
Percent of People with Each Score
Percentile by Number Answered
Your Score History
You have not taken this quiz